| 000 | 00674nam a22002057a 4500 | ||
|---|---|---|---|
| 003 | OSt | ||
| 005 | 20260425014256.0 | ||
| 008 | 260425b |||||||| |||| 00| 0 eng d | ||
| 040 |
_aDWCL-Main lib. _cOC |
||
| 082 | _aCirc. 621.3 G896u 2018 | ||
| 100 | _aGupta, J.B | ||
| 245 |
_aUtilization of Electric Power and Electric Traction: _b for Engineering Students/ _cJ.B Gupta |
||
| 260 |
_aNew Delhi : _bS.K Kataria & Sons, _cc2018. |
||
| 300 |
_a499 pages : _billustrations ; _c28 centimeters. |
||
| 650 | _a1. Electric motors | ||
| 650 | _a2. Electric Power | ||
| 650 | _a3. Traction drives | ||
| 650 | _a4. Traction- engines | ||
| 942 |
_2ddc _cBK-CIRC _hCirc. _n0 |
||
| 999 |
_c9881 _d9881 |
||